[Event "Otocec Krka Terme op"]
[Site "Otocec"]
[Date "2017.11.05"]
[Round "8"]
[White "Jaksa, Cvetko"]
[Black "Marn, Jan"]
[Result "0-1"]
[WhiteElo "1923"]
[BlackElo "2054"]
[PlyCount "64"]
[EventDate "2017.11.02"]
[EventType "swiss"]
[EventRounds "9"]
[EventCountry "SLO"]
[SourceTitle "EXT 2019"]
[Source "ChessBase"]
[SourceDate "2018.10.10"]
[SourceVersion "1"]
[SourceVersionDate "2018.10.10"]
[SourceQuality "1"]

1. a3 d5 2. e3 c5 3. b4 e6 4. Bb2 Nf6 5. b5 Nbd7 6. f4 Bd6 7. Nf3 0-0 8. g3 Qe7 9. Be2 e5 10. f5 e4 11. Nh4 Be5 12. c3 b6 13. a4 Bb7 14. 0-0 Rad8 15. Na3 Bb8 16. Nc2 Ne5 17. Rf2 Rfe8 18. Rg2 Qc7 19. h3 Bc8 20. Qf1 Rf8 21. g4 g5 22. fxg6 fxg6 23. Qd1 h5 24. Nxg6 Nxg6 25. gxh5 Bxh3 26. Qf1 Ng4 27. Bxg4 Rxf1+ 28. Rxf1 Bxg2 29. Be6+ Kh8 30. c4+ d4 31. exd4 Qh2+ 32. Kf2 Bf3+ 0-1

[Event "Otocec Krka Terme op"]
[Site "Otocec"]
[Date "2017.11.05"]
[Round "9"]
[White "Mihelic, Vesna"]
[Black "Jaksa, Cvetko"]
[Result "1/2-1/2"]
[WhiteElo "1650"]
[BlackElo "1923"]
[PlyCount "61"]
[EventDate "2017.11.02"]
[EventType "swiss"]
[EventRounds "9"]
[EventCountry "SLO"]
[SourceTitle "EXT 2019"]
[Source "ChessBase"]
[SourceDate "2018.10.10"]
[SourceVersion "1"]
[SourceVersionDate "2018.10.10"]
[SourceQuality "1"]

1. e4 c5 2. Nf3 a6 3. c4 e6 4. Nc3 Nc6 5. Be2 Nf6 6. 0-0 Be7 7. d4 cxd4 8. Nxd4 Nxd4 9. Qxd4 d6 10. Be3 0-0 11. Rad1 Qc7 12. Na4 Bd7 13. Nb6 Rad8 14. Nxd7 Rxd7 15. f4 e5 16. Qd3 Rfd8 17. f5 Qc6 18. Bf3 Ne8 19. Kh1 h6 20. Rg1 Kh7 21. g4 g5 22. h4 f6 23. hxg5 fxg5 24. Rd2 Nf6 25. Rh2 Kg7 26. b3 b5 27. Rc1 Qb7 28. Rhc2 Rh8 29. Kg2 b4 30. Rh1 Bf8 31. Bf2 1/2-1/2

[Event "Novo Mesto op"]
[Site "Novo Mesto"]
[Date "2014.11.08"]
[Round "9"]
[White "Jaksa, Cvetko"]
[Black "Amon, Nejc"]
[Result "1/2-1/2"]
[WhiteElo "1972"]
[BlackElo "2006"]
[PlyCount "46"]
[EventDate "2014.10.31"]
[EventType "swiss"]
[EventRounds "9"]
[EventCountry "SLO"]
[SourceTitle "EXT 2019"]
[Source "ChessBase"]
[SourceDate "2018.10.10"]
[SourceVersion "1"]
[SourceVersionDate "2018.10.10"]
[SourceQuality "1"]

1. a3 e5 2. e3 d5 3. c4 Nf6 4. cxd5 Nxd5 5. Nf3 Bd6 6. Be2 0-0 7. d3 Be6 8. 0-0 Nc6 9. Qc2 Qe7 10. b4 a6 11. Bb2 f5 12. Nbd2 Rad8 13. Kh1 Kh8 14. Rac1 Nf6 15. Qb1 Bd7 16. Qa1 Ng4 17. h3 Nf6 18. Rg1 e4 19. Ne1 exd3 20. Bxd3 Ng4 21. Rf1 Nh2 22. Rg1 Ng4 23. Rf1 Nh2 1/2-1/2

[Event "Novo Mesto op"]
[Site "Novo Mesto"]
[Date "2014.11.02"]
[Round "5"]
[White "Jaksa, Cvetko"]
[Black "Amon, Jan"]
[Result "1-0"]
[WhiteElo "1972"]
[BlackElo "1270"]
[PlyCount "99"]
[EventDate "2014.10.31"]
[EventType "swiss"]
[EventRounds "9"]
[EventCountry "SLO"]
[SourceTitle "EXT 2019"]
[Source "ChessBase"]
[SourceDate "2018.10.10"]
[SourceVersion "1"]
[SourceVersionDate "2018.10.10"]
[SourceQuality "1"]

1. b3 e5 2. e3 d5 3. Bb2 Nc6 4. Bb5 Bd6 5. f4 Qh4+ 6. g3 Qe7 7. Nf3 f6 8. fxe5 fxe5 9. Bxc6+ bxc6 10. Nxe5 Bxe5 11. Qh5+ Kd8 12. Qxe5 Qxe5 13. Bxe5 Nf6 14. 0-0 Rf8 15. Bxf6+ Rxf6 16. Rxf6 gxf6 17. Nc3 Bf5 18. d3 Ke7 19. Rf1 Ke6 20. Ne2 Bg4 21. Nd4+ Kf7 22. Nxc6 Re8 23. d4 Rxe3 24. Ne5+ Kg7 25. Nxg4 Re6 26. Rf3 h5 27. Ne3 c6 28. Kf2 a6 29. c4 dxc4 30. bxc4 a5 31. Rf5 Re4 32. Rxa5 Kg6 33. d5 cxd5 34. Rxd5 Re5 35. c5 Re6 36. Nc2 Rc6 37. Nb4 Rc7 38. c6 f5 39. Rd7 Rc8 40. c7 Kf6 41. Na6 Ke6 42. Rd8 Rxd8 43. cxd8Q Ke5 44. Kf3 Ke6 45. Kf4 h4 46. gxh4 Kf7 47. Kxf5 Kg7 48. h5 Kh7 49. Kf6 Kh6 50. Qh8# 1-0

[Event "Novo Mesto op"]
[Site "Novo Mesto"]
[Date "2013.11.03"]
[Round "7"]
[White "Jaksa, Cvetko"]
[Black "Faganel, Kaja"]
[Result "1-0"]
[WhiteElo "2009"]
[BlackElo "1426"]
[PlyCount "115"]
[EventDate "2013.10.31"]
[EventType "swiss"]
[EventRounds "9"]
[EventCountry "SLO"]
[SourceTitle "EXT 2015"]
[Source "ChessBase"]
[SourceDate "2014.11.20"]
[SourceVersion "1"]
[SourceVersionDate "2014.11.20"]
[SourceQuality "1"]

1. b3 d6 2. Bb2 e5 3. e3 f5 4. Nh3 Nf6 5. f4 e4 6. Bb5+ Bd7 7. Bxd7+ Nbxd7 8. Qe2 g6 9. Nc3 c6 10. d4 d5 11. 0-0 Bg7 12. Ng5 Qe7 13. a4 0-0 14. Ba3 c5 15. dxc5 Nxc5 16. Nb5 Ng4 17. Rad1 Rfd8 18. Nd4 b6 19. Nc6 Qd7 20. Nxd8 Rxd8 21. Nh3 d4 22. exd4 Ne3 23. Qxe3 Bxd4 24. Qxd4 Qxd4+ 25. Rxd4 Rxd4 26. Bxc5 bxc5 27. Rc1 h6 28. Kf1 Kf7 29. Ke2 Ke6 30. c3 Rd3 31. Nf2 Rd8 32. Rb1 Rb8 33. b4 a6 34. Nd1 g5 35. g3 cxb4 36. Rxb4 Rd8 37. Rb6+ Rd6 38. Rxd6+ Kxd6 39. Ke3 Kd5 40. Nb2 g4 41. Kd2 h5 42. Kc2 a5 43. Nd1 Kc4 44. Ne3+ Kc5 45. Nxf5 Kc4 46. Ne3+ Kc5 47. f5 Kd6 48. c4 Kc5 49. Kc3 Kd6 50. Kd4 Kc6 51. c5 Kd7 52. Kd5 Ke7 53. c6 Kd8 54. Kd6 Kc8 55. c7 h4 56. Kc6 hxg3 57. Nd5 g2 58. Nb6# 1-0

[Event "Novo Mesto op"]
[Site "Novo Mesto"]
[Date "2013.11.02"]
[Round "4"]
[White "Markocic, Spela"]
[Black "Jaksa, Cvetko"]
[Result "1/2-1/2"]
[WhiteElo "1561"]
[BlackElo "2009"]
[PlyCount "65"]
[EventDate "2013.10.31"]
[EventType "swiss"]
[EventRounds "9"]
[EventCountry "SLO"]
[SourceTitle "EXT 2015"]
[Source "ChessBase"]
[SourceDate "2014.11.20"]
[SourceVersion "1"]
[SourceVersionDate "2014.11.20"]
[SourceQuality "1"]

1. e4 e6 2. Nf3 c5 3. d4 cxd4 4. Nxd4 a6 5. Nc3 b5 6. Bd3 Qb6 7. Nf3 Bb7 8. Be3 Bc5 9. Bxc5 Qxc5 10. 0-0 d6 11. Re1 Nd7 12. a3 Ngf6 13. Qd2 0-0 14. Rad1 Rac8 15. Bf1 d5 16. exd5 Nxd5 17. Nxd5 Bxd5 18. Nd4 Kh8 19. Re3 Nf6 20. Rc3 Qb6 21. Rh3 Be4 22. Qe3 e5 23. Nf5 Qxe3 24. Nxe3 Bxc2 25. Nxc2 Rxc2 26. b4 Ne4 27. Bd3 Rd2 28. Rxd2 Nxd2 29. Bxh7 Rd8 30. Bc2+ Kg8 31. Rd3 Rxd3 32. Bxd3 Kf8 33. f3 1/2-1/2

[Event "Novo Mesto op"]
[Site "Novo Mesto"]
[Date "2013.10.31"]
[Round "2"]
[White "Bajc, Aleksander"]
[Black "Jaksa, Cvetko"]
[Result "0-1"]
[WhiteElo "1602"]
[BlackElo "2009"]
[PlyCount "82"]
[EventDate "2013.10.31"]
[EventType "swiss"]
[EventRounds "9"]
[EventCountry "SLO"]
[SourceTitle "EXT 2015"]
[Source "ChessBase"]
[SourceDate "2014.11.20"]
[SourceVersion "1"]
[SourceVersionDate "2014.11.20"]
[SourceQuality "1"]

1. c4 b6 2. Nc3 e6 3. Nf3 Bb7 4. e4 Bb4 5. d3 Bxc3+ 6. bxc3 d6 7. Qc2 c5 8. d4 Nc6 9. Bb2 e5 10. Bd3 Nf6 11. 0-0 0-0 12. Rab1 Kh8 13. d5 Na5 14. Bc1 Ba6 15. Qe2 Qd7 16. Bg5 Ng8 17. Nd2 f6 18. Be3 g5 19. f3 Rf7 20. Qf2 Qa4 21. Qe2 Ne7 22. Kh1 Rg8 23. g4 Ng6 24. Rg1 h6 25. Rg3 Qxa2 26. Rc1 Qa4 27. Rb1 Rh7 28. Rh3 Qa3 29. Nf1 Qxc3 30. Bd2 Qd4 31. Be3 Nf4 32. Bxd4 Nxe2 33. Be3 Nf4 34. Bxf4 gxf4 35. Nd2 Bc8 36. Ra1 Bd7 37. Rb1 Be8 38. Rh4 h5 39. h3 Kg7 40. Rg1 Kh6 41. Kh2 Rhg7 0-1

[Event "SLO-chT1 West"]
[Site "Ljubljana"]
[Date "2013.10.18"]
[Round "4"]
[White "Plaskan, Jure"]
[Black "Jaksa, Cvetko"]
[Result "1-0"]
[WhiteElo "2204"]
[BlackElo "2009"]
[PlyCount "77"]
[EventDate "2013.09.27"]
[EventType "team-tourn"]
[EventRounds "9"]
[EventCountry "SLO"]
[SourceTitle "EXT 2019"]
[Source "ChessBase"]
[SourceDate "2018.10.10"]
[SourceVersion "1"]
[SourceVersionDate "2018.10.10"]
[SourceQuality "1"]
[WhiteTeam "Domzale"]
[BlackTeam "Trebnje BMP"]
[WhiteTeamCountry "SLO"]
[BlackTeamCountry "SLO"]

1. e4 c5 2. Nf3 e6 3. d4 cxd4 4. Nxd4 a6 5. Bd3 Nf6 6. 0-0 d6 7. c4 Bd7 8. Qe2 Nc6 9. Nxc6 Bxc6 10. Nc3 Be7 11. Rd1 Qa5 12. Bf4 Qh5 13. f3 Nd7 14. Rac1 0-0 15. Bc2 Rfe8 16. b4 e5 17. Be3 b6 18. Qf2 Rab8 19. Bd3 g5 20. Ne2 Bf8 21. Ng3 Qg6 22. Nf5 Rec8 23. Qd2 h6 24. Rc3 a5 25. a3 Kh7 26. Bc2 axb4 27. axb4 Nf6 28. Qf2 Bb5 29. Nxd6 Bxd6 30. Rxd6 Rxc4 31. Rxc4 Bxc4 32. Bxb6 Rc8 33. Qd2 Be6 34. Rd8 Rc6 35. Bc5 Ra6 36. Qc3 g4 37. f4 Nxe4 38. Qxe5 f6 39. Qxe4 1-0

[Event "Nova Gorica op-A 17th"]
[Site "Nova Gorica"]
[Date "2012.01.28"]
[Round "2"]
[White "Kokol, Peter"]
[Black "Jaksa, Cvetko"]
[Result "0-1"]
[WhiteElo "2271"]
[BlackElo "2022"]
[PlyCount "104"]
[EventDate "2012.01.27"]
[EventType "swiss"]
[EventRounds "9"]
[EventCountry "SLO"]
[SourceTitle "CBM 146 Extra"]
[Source "ChessBase"]
[SourceDate "2012.02.29"]
[SourceVersion "1"]
[SourceVersionDate "2012.02.29"]
[SourceQuality "1"]

1. e4 e6 2. d4 c5 3. Nf3 cxd4 4. Nxd4 a6 5. Bd3 Nf6 6. c4 Nc6 7. Nxc6 dxc6 8. 0-0 Be7 9. e5 Nd7 10. f4 Nc5 11. Rf3 Qd4+ 12. Kh1 Nxd3 13. Rxd3 Qxc4 14. Rd4 Qb5 15. a4 Qa5 16. Nd2 Qc7 17. Nc4 b5 18. Nd6+ Bxd6 19. Rxd6 Bb7 20. Be3 0-0 21. Rd7 Qc8 22. Bb6 c5 23. a5 Qc6 24. Qd2 c4 25. Rd1 Rac8 26. Rg1 b4 27. Rd6 Qa4 28. f5 exf5 29. Qg5 Be4 30. Bd8 h6 31. Qh4 Rcxd8 32. Rxd8 Qxa5 33. Rxf8+ Kxf8 34. Rd1 Bd3 35. Qd4 b3 36. h3 Kg8 37. Kh2 Qc7 38. Kg1 Qe7 39. Ra1 Qe6 40. Ra5 Kh7 41. Rc5 Qg6 42. Qe3 Qb6 43. Kf2 a5 44. Rd5 Qb4 45. Rd7 a4 46. Ra7 c3 47. Qxd3 Qc5+ 48. Ke2 Qxa7 49. Qxc3 Qb7 50. g4 a3 51. gxf5 axb2 52. Qd3 Qg2+ 0-1